000 00519nam a2200205Ia 4500
003 GCL
008 140319s9999 xx 000 0 eng d
040 _aGCL /
_cGCL
082 0 4 _a539.7
_bG A
100 1 _aPHYSICS
245 1 0 _aATOMIC AND NUCLEAR PHYSICS /
_cPHYSICS
700 1 _aGHOSHAL, S.N
260 _a[S.N] :
_bS. CHAND & COMPANY (PVT) LTD ،
_c1990
300 _a727 P
650 0 4 _aNUCLEAR PHYSICS
650 0 4 _aPHYSICS
650 0 4 _aQUANTUM MECHANICS
650 0 4 _aATOMIC PHYSICS
942 _2ddc
_cBK
999 _c10454
_d10454